|
|
|
|
| LEADER |
00000nas a22000007a 4500 |
| 001 |
ssj0012645 |
| 003 |
WaSeSS |
| 005 |
20200512172242.0 |
| 006 |
m d |
| 007 |
cr n |
| 008 |
050614c19779999dcuqr pss bgv 0 a0eng c |
| 010 |
|
|
|a 2006212219
|
| 022 |
|
|
|a 1931-0684
|l 0149-0737
|y 0149-0737
|
| 035 |
|
|
|a (WaSeSS)ssj0012645
|
| 037 |
|
|
|b Reporters Committee for Freedom of the Press, 1101 Wilson Blvd., Ste. 1100, Arlington, VA 22209
|
| 040 |
|
|
|a OCLCS
|b eng
|e pn
|c OCLCS
|d NSD
|d OCLCQ
|d OCLCF
|d FJM
|d OCLCE
|d CUS
|d OCLCQ
|d TXQ
|d WaSeSS
|
| 042 |
|
|
|a nsdp
|a pcc
|
| 043 |
|
|
|a n-us---
|
| 050 |
|
4 |
|a KF2750.A15
|b N48
|
| 082 |
0 |
4 |
|a 343/.73/0998
|
| 222 |
|
4 |
|a The news media & the law
|b (Online)
|
| 245 |
0 |
4 |
|a The news media & the law
|h [electronic resource].
|
| 246 |
3 |
|
|a News media and the law
|
| 246 |
1 |
|
|i Some providers have title:
|a News media and the law archive
|
| 260 |
|
|
|a [Washington] :
|b Reporters Committee for Freedom of the Press
|
| 310 |
|
|
|a Quarterly
|
| 321 |
|
|
|a 6 no. a year
|
| 362 |
1 |
|
|a Began with v. 1 in Oct. 1977.
|
| 506 |
|
|
|a License restrictions may limit access.
|
| 555 |
|
|
|a Vols. 1-10, 1977-87, in v. 11.
|
| 588 |
|
|
|a Description based on print version record.
|
| 588 |
|
|
|a Latest issue consulted: Vol. 38, no. 2 (spring 2014) (RCFP website, viewed Sept. 29, 2014).
|
| 650 |
|
0 |
|a Press law
|z United States
|v Periodicals.
|
| 650 |
|
0 |
|a Mass media
|x Law and legislation
|z United States
|v Periodicals.
|
| 650 |
|
7 |
|a Mass media
|x Law and legislation.
|2 fast
|0 (OCoLC)fst01011258
|
| 650 |
|
7 |
|a Press law.
|2 fast
|0 (OCoLC)fst01075880
|
| 650 |
1 |
7 |
|a Mediarecht.
|2 gtt
|
| 651 |
|
7 |
|a United States.
|2 fast
|0 (OCoLC)fst01204155
|
| 655 |
|
0 |
|a Electronic journals.
|
| 710 |
2 |
|
|a Reporters Committee for Freedom of the Press.
|
| 776 |
0 |
8 |
|i Print version: 1977-2013:
|t News media & the law
|x 0149-0737
|w (DLC) 78640601
|w (OCoLC)3562814
|
| 780 |
0 |
2 |
|t Press censorship newsletter (Online)
|
| 856 |
4 |
0 |
|z Full text available from Research Library: 07/01/1997 to 10/31/2013
|u https://search.proquest.com/publication/48563
|
| 856 |
4 |
0 |
|z Full text available from Research Library: 01/01/2014 to 07/31/2016
|u https://search.proquest.com/publication/2032652
|